000 00204 a2200097 4500
001 11916
100 _aCarter, G.
245 _aMajor Foreign powers
260 _a
_bHarcourt Brau
_c
090 _c9170
_d9170
942 _aNUST-CAE
_cM
_c36012
999 _c246989
_d246989